La capacidad de incidencia de las OSC en Jalisco : ¿Un camino hacia la gobernanza democrática? /
Esta investigación examina el auge de estrategias de democracia participativa y gobernanza colaborativa, impulsadas por estados y movimientos sociales para contrarrestar el desencanto global con la democracia representativa. En Jalisco, reconocido por su fomento a la participación de las organizacio...
Salvato in:
| Autore principale: | |
|---|---|
| Natura: | Tesi Libro |
| Lingua: | spagnolo |
| Pubblicazione: |
Guadalajara, México :
edición de autor,
2023
|
| Soggetti: | |
| Accesso online: | Ver documento en línea |
| Tags: |
Nessun Tag, puoi essere il primo ad aggiungerne!!
|
MARC
| LEADER | 00000nam^a2200000^a^4500 | ||
|---|---|---|---|
| 001 | 000590257 | ||
| 005 | 20251023000000.0 | ||
| 009 | 20260310132905.561 | ||
| 037 | |a Acervo ITESO - Biblioteca | ||
| 041 | |a ESP | ||
| 090 | |a MPG. 147 | ||
| 100 | |a Nuckols, Ashlyn Elizabeth |e (autor) | ||
| 245 | 1 | 3 | |a La capacidad de incidencia de las OSC en Jalisco : |b ¿Un camino hacia la gobernanza democrática? / |c A.E. Nuckols. |
| 264 | 1 | |a Guadalajara, México : |b edición de autor, |c 2023 | |
| 300 | |a 1 tesis electrónica en línea (260 p.) | ||
| 300 | |a 1 recurso en línea | ||
| 336 | |a datos para computadora |b cod |2 rdacontenido | ||
| 337 | |a computadora |b c |2 rdamedio | ||
| 338 | |a recurso en línea |b cr |2 rdasoporte | ||
| 502 | |a ITESO Tesis de Maestría en Política y Gestión Pública | ||
| 520 | |a Esta investigación examina el auge de estrategias de democracia participativa y gobernanza colaborativa, impulsadas por estados y movimientos sociales para contrarrestar el desencanto global con la democracia representativa. En Jalisco, reconocido por su fomento a la participación de las organizaciones de la sociedad civil (OSC), se exploran tres estudios de caso, 2018-2022, para entender los factores que promueven o limitan la incidencia real de estas organizaciones en la gestión pública. | ||
| 649 | |a XX | ||
| 650 | |a Sociedad Civil - |z Jalisco - |x Tema Principal | ||
| 650 | |a Participación Política - |z Jalisco - |x Tema Principal | ||
| 650 | |a Participación Social - |z Jalisco | ||
| 650 | |a Movimientos Ciudadanos - |z Jalisco | ||
| 650 | |a Movimientos Sociales - |z Jalisco | ||
| 650 | |a Gobernanza - |z Jalisco | ||
| 650 | |a Democracia - |z Jalisco | ||
| 650 | |a Política - |z Jalisco - |x Historia - |y 2018-2024 - |x Tema Principal | ||
| 650 | |a Política - |z Jalisco - |x Historia - |y Siglo XXI | ||
| 650 | |a Política - |z México - |x Historia - |y 2018-2024 | ||
| 650 | |a Política - |z México - |x Historia - |y Siglo XXI | ||
| 856 | 4 | 0 | |u https://rei.iteso.mx/handle/11117/9406 |y Ver documento en línea |
| 910 | |a Fondo General | ||
| 920 | |a Electrónicos - Tesis del ITESO en Línea | ||
| 930 | |a Repositorio Institucional | ||
| 905 | |a 201 | ||
| 901 | |a 590257-1 |b IT2 |c ETI |u 20250521 | ||
| 902 | |a https://opac.biblio.iteso.mx/vufind/Record/000590257 | ||